00383nam a22000977a 4500008004100000050002700041100002600068245012200094260005500216300001400271210118b xxu||||| |||| 00| 0 eng d aGMB1122b.M83 2018 c.1 aMwaura, Samuel Mwangi aInfluence of strategic leadership on change management in the county government of Nakuru KenyacSamuel Mwangi Mwaura aKabarak, Nakuru, Kenya bKabarak University c2018 a61 leaves